La oración en la Biblia / (Record no. 178540)

MARC details
000 -LEADER
campo de control de longitud fija 00756nam a22002415i 4500
001 - NÚMERO DE CONTROL
campo de control 178540
003 - IDENTIFICADOR DE NÚMERO DE CONTROL
campo de control ES-MaACL
005 - FECHA Y HORA DE LA ÚLTIMA TRANSACCIÓN
campo de control 20250824221156.0
008 - DATOS DE LONGITUD FIJA--INFORMACIÓN GENERAL
campo de control de longitud fija 110607s1968 sp |||| | spa d
080 ## - NÚMERO DE LA CLASIFICACIÓN DECIMAL UNIVERSAL
Número de la Clasificación Decimal Universal 27-534.3
100 1# - ENTRADA PRINCIPAL--NOMBRE DE PERSONA
Nombre de persona González Núñez, Angel.
9 (RLIN) 58843
245 13 - MENCIÓN DEL TÍTULO
Título La oración en la Biblia /
Mención de responsabilidad, etc. Ángel González.
260 ## - PUBLICACIÓN, DISTRIBUCIÓN, ETC.
Lugar de publicación, distribución, etc. Madrid :
Nombre del editor, distribuidor, etc. Cristiandad,
Fecha de publicación, distribución, etc. D. L. 1968.
300 ## - DESCRIPCIÓN FÍSICA
Extensión 450 p. ;
Dimensiones 22 cm.
490 1# - MENCIÓN DE SERIE
Mención de serie Los libros del monograma
490 1# - MENCIÓN DE SERIE
Mención de serie Teología y siglo XX ;
Designación de volumen o secuencia 9
504 ## - NOTA DE BIBLIOGRAFÍA, ETC.
Nota de bibliografía, etc. Bibliografía: p. 435-439.
650 04 - PUNTO DE ACCESO ADICIONAL DE MATERIA--TÉRMINO DE MATERIA
Término de materia o nombre geográfico como elemento de entrada Oración.
9 (RLIN) 15729
830 04 - PUNTO DE ACCESO ADICIONAL DE SERIE-TÍTULO UNIFORME
Título uniforme Los libros del monograma
9 (RLIN) 183512
830 0# - PUNTO DE ACCESO ADICIONAL DE SERIE-TÍTULO UNIFORME
Título uniforme Teología y siglo XX ;
Designación de volumen o secuencia 9
9 (RLIN) 191015
852 ## - LOCALIZACIÓN
Ubicación ES-MaACL
Número de control de estantería E-15424
Encuadernación Olim P-315-Ter
Holdings
Estatus retirado Estado de pérdida Estado de daño No para préstamo Biblioteca de origen Biblioteca actual Ubicación en estantería Fecha de adquisición Fuente de adquisición Total de préstamos Signatura topográfica completa Código de barras Visto por última vez Precio de reemplazo Tipo de ítem Koha
        Biblioteca del Ateneo de Madrid Biblioteca del Ateneo de Madrid Depósito 2 07/06/2011     E-15424 1187545 23/02/2023 23/02/2023 Libro impreso